000 00668nam a2200241Ia 4500
003 OSt
005 20220918191135.0
006 a|||||r|||| 00| 0
007 ta
008 220917b |||||||| |||| 00| 0 eng d
024 _a61,661
037 _cTextual
040 _aARTS
_cARTS
_beng
041 _2eng
_aeng
082 _aQ6:3.73.N, M5
100 _aKuklick Bruce
_975080
245 0 _aChurchmen and philosophers from Joanathan Edward to John Dewey
260 _aNew Haven
_bYale Univ Press UK
_c1985
300 _axx,311p. illus
_ccm.
650 _aRELIGION
942 _hQ6:3.73.N, M5
_cTEXL
_2CC
999 _c188478
_d188478